1532 1402 1413 1553 1682 1654 1403 1555 1491 1791 1095 1972 1664 1563 1620 1546 1653 1611 1243 1964 1825 1102 1000 1459 1437 1002 1487 1045 1926 1007 2000 1698 1501 1718 1474 1671 1298 1525 1430 1790 1234 1400 1766 1873 1054 1236 1433 1706 1243 1680 1105 1014 1123 1703 1524 1421 1284 1479 1266 1741 1231 1375 1912 1599 1506 1872 1629 1014 1425 1305 1209 1708 1546 1545 1538 1134 1263 1434 1590 1329 1311 1707 1085 1692 1439 1460 1722 1143 1354 1081 1974 1662 1725 1411 1129 1410 1941 1381 1840 BCNSPRNW ULIB Ver.6.0+V

เปลี่ยนเป็นภาษาไทย

Change to English
 แสดงรายละเอียดบรรณานุกรม
  กลับหน้าหลัก

Brief Record : Get Marc (ISO 2709) : E-mail record : QR code < ปิดหน้าต่าง
LEADER : 00000nam 2200000uu 4500
001    13399108926
003     ULIB
008    110316s2552||||th 000 0 tha d
060  4 WA3.JT3^bพ242ง 2552
110 1  กระทรวงสาธารณสุข^bสำนักงานปลัดกระทรวง^bสถาบันพระบรมราชชนก
245 00 งานสาธารณสุขไทย พ.ศ.2549-2552/^cสถาบันพระบรมราชชนก
260    นนทบุรี:^bสถาบันพระบรมราชชนก,^c2552
300    128 หน้า:^bภาพประกอบสี
650  7 งานสาธารณสุข
945    ^p0^l0^i027585
945    ^p0^l0^i027583
945    ^p0^l0^i027581
945    ^p0^l0^i027579
945    ^p0^l0^i027577
945    ^p0^l0^i027575
945    ^p0^l0^i027584
945    ^p0^l0^i027582
945    ^p0^l0^i027580
945    ^p0^l0^i027578
945    ^p0^l0^i027576
995    ทศพร
999 ^a ใช้งานได้ทุกระบบ
รายการนี้ยังไม่มีแท็ก
คุณยังไม่ได้ล็อกอิน คุณสามารถมีกิจกรรมร่วมกับเว็บไซต์ได้ แต่ต้องล็อกอินก่อน ::
  ล็อกอิน

รายการสื่อสารสนเทศ

ลำดับที่ ประเภท เลขเรียก/บาร์โค้ด สถานที่ สถานะ
- ไม่พบข้อมูล -

รายการใกล้เคียง
    หัวเรื่อง [งานสาธารณสุข]

BibComment


ยังไม่เคยถูกคอมเมนท์

คอมเมนท์ทรัพยากรรายการนี้
  คอมเมนท์: งานสาธารณสุขไทย พ..


 Copyright 2026. Bcnsprnw @Library